Logo BPK

Biblioteka

Politechniki Koszalińskiej

Visual Basic for MS-DOS / (Rekord nr 6866)

Szczegóły MARC
000 -ETYKIETA REKORDU
podpole kontrolne o stałej długości 00957nam a2200325 i 4500
001 - NUMER KONTROLNY REKORDU
pole kontrolne bg
020 ## - MIĘDZYNARODOWY ZNORMALIZOWANY NUMER KSIĄŻKI - ISBN
ISBN 8386389036
020 ## - MIĘDZYNARODOWY ZNORMALIZOWANY NUMER KSIĄŻKI - ISBN
ISBN 0139486623 (oryg.)
040 ## - ŹRÓDŁO KATALOGOWANIA
Instytucja, która utworzyła rekord BPK
041 1# - KOD JĘZYKA
Kod języka tekstu pl
Kod języka oryginału en
080 ## - UNIWERSALNA KLASYFIKACJA DZIESIĘTNA - UKD
UKD 681.322.06:519.682](07)
920 ## - Międzynarodowy znormalizowany numer książki – ISBN
ISBN 83-86389-03-6
920 ## - Międzynarodowy znormalizowany numer książki – ISBN
ISBN 0-13-948662-3 (oryg.)
008 - POLE O STAŁEJ DŁUGOŚCI - DANE KONTROLNE
podpole kontrolne o stałej długości s pl f |000 0 pol
100 1# - NAZWA OSOBOWA
Nazwa osobowa ZAMORA, Ramon
245 10 - TYTUŁ/ODPOWIEDZIALNOŚĆ
Tytuł Visual Basic for MS-DOS /
Pozostałe elementy strefy tytułu i oznaczenia odpowiedzialności Ramon Zamora, Don Inman, Bob Albrecht ; [tł. z ang. Piotr Barancewicz].
246 14 - WARIANT TYTUŁU
Tytuł Visual Basic dla MS-DOS
260 ## - STREFA ADRESU WYDAWNICZEGO
Miejsce wydania Warszawa :
Nazwa wydawcy/dystrybutora "Intersoftland",
Data publikacji, dystrybucji/powstania dokumentu 1994.
300 ## - STREFA OPISU FIZYCZNEGO
Objętość 313 s. :
Inne cechy fizyczne fot. ;
Rozmiary 24 cm.
500 ## - UWAGI OGÓLNE
Tekst uwagi Oryg. : "Visual Basic for MS-DOS" 1993. - Tyt. okł. : Visual Basic dla MS-DOS.
504 ## - UWAGA DOTYCZĄCA BIBLIOGRAFII
Informacje o bibliografii Indeksy.
630 09 - HASŁO PRZEDMIOTOWE W FORMIE TYTUŁU UJEDNOLICONEGO
Tytuł ujednolicony BASIC
630 09 - HASŁO PRZEDMIOTOWE W FORMIE TYTUŁU UJEDNOLICONEGO
Tytuł ujednolicony DOS
630 09 - HASŁO PRZEDMIOTOWE W FORMIE TYTUŁU UJEDNOLICONEGO
Tytuł ujednolicony WINDOWS
655 ## - TERMIN INDEKSOWY - OKREŚLENIE RODZAJU/FORMY DOKUMENTU
Określenie rodzaju/formy dokumentu Podręczniki
700 1# - HASŁO DODATKOWE - NAZWA OSOBOWA
Nazwa osobowa INMAN, Don
700 1# - HASŁO DODATKOWE - NAZWA OSOBOWA
Nazwa osobowa ALBRECHT, Bob
Daty związane z nazwą (1930- )
700 1# - HASŁO DODATKOWE - NAZWA OSOBOWA
Nazwa osobowa BARANCEWICZ, Piotr.
Określenie związku między hasłem a opisywanym materiałem Tł.
856 ## - LOKALIZACJA I DOSTĘP DO ELEKTRONICZNYCH DOKUMENTÓW ZDALNYCH
Link (URL) http://koha.tu.koszalin.pl/cgi-bin/koha/opac-detail.pl?biblionumber=6866
Tekst linku Katalog online BPK
942 ## - DODATKOWE ELEMENTY (KOHA)
Typ dokumentu Książka
Egzemplarze
Wycofany Status egzemplarza Uszkodzony Dostępność Lokalizacja stała Lokalizacja bieżąca Miejsce przechowywania Sygnatura Kod kreskowy Typ dokumentu
      Dostępny Biblioteka Politechniki Koszalińskiej Biblioteka Politechniki Koszalińskiej Wypożyczalnia BG P 48977 01232288 Książka
      Dostępny Biblioteka Politechniki Koszalińskiej Biblioteka Politechniki Koszalińskiej Wypożyczalnia BG P 48980 01590654 Książka
© 2023 Biblioteka Politechniki Koszalińskiej :: KOHA